000 00433nam a2200145Ia 4500
008 231217s9999 xx 000 0 und d
041 _aEnglish
082 _a658.3 SCO;1 R
100 _aScott, Gini Graham
245 0 _aWork with me ! resolving everyday conflict in your organization
260 _c2004
_bJaico
_aMumbai
300 _axxii+162
650 _aWork,me,!,resolving,everyday,conflict,your,organization
942 _cAA
999 _c171200
_d171200